000 00681nam a2200241Ia 4500
003 OSt
005 20221007081544.0
006 a|||||r|||| 00| 0
007 ta
008 221006b |||||||| |||| 00| 0 eng d
020 _a9781595586483
024 _a45,421
037 _cTextual
040 _aFLL
_cFLL
_beng
041 _2eng
_aeng
082 _aX72:(Y:45:5).1, Q1
100 _aDENEAULT Alain Tr.
_9697560
245 0 _aOffshore
_b tax havens and the rule of global crime
260 _aNew York
_bThe New Press USA
_c2011
300 _axi,210p.
_ccm.
942 _hX72:(Y:45:5).1, Q1
_cTEXL
_2CC
999 _c1163443
_d1163443